| 000 | 00745nam a22002417a 4500 | ||
|---|---|---|---|
| 999 |
_c133089 _d133089 |
||
| 005 | 20181218120722.0 | ||
| 010 | _aB-108351,B-108384 | ||
| 020 |
_c110.00 _a8188153009 |
||
| 035 | _aB-108351,B-108384, B-108385 | ||
| 037 | _bCen Lib/Ret | ||
| 082 |
_a005.43 _bGUP |
||
| 100 | _aGupta, Rajeev | ||
| 245 |
_aComputer fundamentals and operating systems / _cby Rajeev Gupta |
||
| 250 | _arev. ed | ||
| 260 |
_aNew Delhi _bNipun Publications _c2005 |
||
| 270 |
_bNew Delhi _aWZ-616, 617 near hanuman mandir, sri nagar, rani bagh _e110034 |
||
| 300 |
_a240p. _c21cm(Hb) |
||
| 500 | _aIncludes glossary | ||
| 650 | _aComputer science | ||
| 650 | _aOperating systems | ||
| 942 |
_2ddc _cEN _h005.43 _mGUP |
||